| 000 | 01244ngm a22003250a 4500 | ||
|---|---|---|---|
| 001 | PT17486 | ||
| 003 | AR-LpoUNG | ||
| 005 | 20210202000251.0 | ||
| 007 | vd cvaizq | ||
| 008 | 191001s1995||||ag |||||||||||||||||eng d | ||
| 040 |
_aAR-LpoUNG _bspa _cAR-LpoUNG _eaacr |
||
| 041 | _aeng | ||
| 044 | _aag | ||
| 082 | 0 | _a946.081 795tie | |
| 100 | 1 |
_aLoach, Ken _edir. |
|
| 245 | 1 | 0 | _aTierra y libertad |
| 260 |
_aSan Luis : _bAVH, _c[1995]. |
||
| 300 | _aVHS (95 min.) : son., col. | ||
| 505 | 0 | _aDiálogos en inglés, subtítulos en castellano | |
| 520 | _a<p>Un joven comunista inglés viaja a la península ibérica y se une a un grupo de milicianos para pelear contra el franquismo en tiempos de la Guerra Civil española. Es una historia sobre los ideales de la revolución, la escisión entre los comunistas y anarquistas que se produce en el frente republicano, los fuertes lazos que se establecen entre los compañeros de milicia, la eterna lucha por la libertad.</p> | ||
| 650 | 4 | _aCOMUNISTAS | |
| 650 | 4 | _aESPAÑA | |
| 650 | 4 | _aESPAÑA | |
| 650 | 4 | _aGUERRA CIVIL | |
| 650 | 4 | _aGUERRILLEROS | |
| 650 | 4 | _aREVOLUCION | |
| 651 | 4 | _aEspaña | |
| 905 | _a17486 | ||
| 942 | _cVIDEO | ||
| 999 |
_c54478 _d54478 |
||